000 01908nab a22003257a 4500
999 _c5264
_d5264
003 OSt
005 20250209222510.0
008 190603e xxum|||| |||| 00| 0 spa d
040 _cPJ
100 _96318
_aPanatti, Marcela V.
245 1 0 _aFiliación por maternidad subrogada :
_buna respuesta judicial tardía e insuficiente, a la luz del interés superior del niño involucrado /
_cMarcela V. Panatti, M. Soledad Pennise Iantorno.
260 _cCiudad Autónoma de Buenos Aires :
_aThomson Reuters La Ley,
_b2025.
300 _ap. 204-223.
500 _aCita Online: TR LALEY AR/DOC/56/2025. Publicado en: RCCyC 2025 (febrero) , 204.
505 _a Sumario: I. Introducción.— II. La plataforma fáctico-jurídica del caso.— III. Principios rectores del derecho de familia.— IV. El voto mayoritario.— V. La disidencia del Ministro Dr. Juan Carlos Maqueda.— VI. Nuestra postura. Algunas consideraciones críticas, la omisión de garantizar el derecho del niño a ser oído y a participar en un caso que lo involucra.
505 _aFallo comentado: CS ~ 22/10/2024 ~ S., I. N. c. A., C. L. s/ impugnación de filiación.
505 _t¿Te interesa el texto completo? Solicitalo al correo: koha@justierradelfuego.gov.ar
650 0 _9967
_aDERECHO DE FAMILIA
650 0 _92741
_aDERECHOS DE LAS NIÑAS, NIÑOS Y ADOLESCENTES
650 0 _91004
_aFILIACION
650 0 _94486
_aGESTACION POR SUSTITUCION
650 0 _94292
_aTÉCNICAS DE REPRODUCCIÓN HUMANA ASISTIDA
650 0 _95385
_aVOLUNTAD PROCREACIONAL
650 0 _92345
_aDERECHO A LA IDENTIDAD
650 0 _94097
_aINTERES SUPERIOR DEL NIÑO
650 0 _91497
_aCODIGO CIVIL Y COMERCIAL
700 _96319
_aPennise Iantorno, M. Soledad
_ecoautor
773 0 _02713
_93170
_dCiudad Autónoma de Buenos Aires : Thomson Reuters La Ley, 2015-
_tRevista Código Civil y Comercial. Nº 1 - Febrero 2025
942 _2udc
_cANA